জীবনানন্দ ও অন্ধকারের চিত্রনাট্য / (Record no. 38456)
[ view plain ]
| 000 -LEADER | |
|---|---|
| fixed length control field | 01004nam a2200241 a 4500 |
| 001 - CONTROL NUMBER | |
| control field | 38456 |
| 003 - CONTROL NUMBER IDENTIFIER | |
| rucl marc code | BD-RjUL |
| 005 - DATE AND TIME OF LATEST TRANSACTION | |
| control field | 20211209052812.0 |
| 008 - FIXED-LENGTH DATA ELEMENTS--GENERAL INFORMATION | |
| fixed length control field | 151208s1998 ii ||||| |||| 00| 0 ben d |
| 020 ## - INTERNATIONAL STANDARD BOOK NUMBER | |
| International Standard Book Number | 817616030X |
| Terms of availability | : Tk.125 |
| 035 ## - SYSTEM CONTROL NUMBER | |
| System control number | (BD-RjUL)38561 |
| 040 ## - CATALOGING SOURCE | |
| Original cataloging agency | BD-RjUL |
| Language of cataloging | ben |
| Transcribing agency | BD-RjUL |
| 041 ## - LANGUAGE CODE | |
| Language code of text/sound track or separate title | ben |
| 082 ## - DEWEY DECIMAL CLASSIFICATION NUMBER | |
| Classification number | 891.44109 |
| Author mark and year | SEJ 1998 |
| Edition number | 23 |
| 100 ## - MAIN ENTRY--PERSONAL NAME | |
| Personal name | সেনমজুমদার, জহর |
| 9 (RLIN) | 118747 |
| 245 ## - TITLE STATEMENT | |
| Title | জীবনানন্দ ও অন্ধকারের চিত্রনাট্য / |
| Statement of responsibility, etc. | জহর সেনমজুমদার. |
| 260 ## - PUBLICATION, DISTRIBUTION, ETC. (IMPRINT) | |
| Place of publication, distribution, etc. | কলকাতা : |
| Name of publisher, distributor, etc. | মডেল পাবলিশিং হাউস, |
| Date of publication, distribution, etc. | ১৯৯৮. |
| 300 ## - PHYSICAL DESCRIPTION | |
| Pagination | ৩৯২ পৃ. ; |
| Size | ২২ সেমি. |
| 600 ## - SUBJECT ADDED ENTRY--PERSONAL NAME | |
| Personal name | Das, Jibanananda, |
| Dates associated with a name | 1899-1954 |
| General subdivision | Criticism and interpretation. |
| 650 ## - SUBJECT ADDED ENTRY--TOPICAL TERM | |
| Topical term or geographic name as entry element | বাংলা কবিতা |
| Form subdivision | ইতিহাস ও সমালোচনা |
| 9 (RLIN) | 117724 |
| Topical term or geographic name as entry element | Bengali Poetry |
| Form subdivision | History and Criticism |
| 9 (RLIN) | 117725 |
| 942 ## - ADDED ENTRY ELEMENTS (KOHA) | |
| Source of classification or shelving scheme | Dewey Decimal Classification |
| Koha item type | Books |
| Lost status | Source of classification or shelving scheme | Damaged status | Not for loan | Collection code | Permanent Location | Current Location | Shelving location | Date acquired | Source of acquisition | Cost, normal purchase price | Total Checkouts | Full call number | Date last seen | Date checked out | Copy number | Koha item type |
|---|---|---|---|---|---|---|---|---|---|---|---|---|---|---|---|---|
| Dewey Decimal Classification | Non-fiction | Central Library, University of Rajshahi | Central Library, University of Rajshahi | 09/03/2008 | Dhaka, Paragon Enterprises ltd. | 125.00 | 1 | B 891.44109 SEJ 1998 | 19/12/2015 | 08/12/2015 | C-1 | Books | ||||
| Dewey Decimal Classification | Non-fiction | Central Library, University of Rajshahi | Central Library, University of Rajshahi | 09/03/2008 | Praragon enterprise,Dhaka | 125.00 | B 891.44109 SEJ 1998 | 17/05/2016 | C-2 | Books | ||||||
| Dewey Decimal Classification | Non-fiction | Central Library, University of Rajshahi | Central Library, University of Rajshahi | 09/03/2008 | Dhaka. Paragon Enterprises,Ltd. | 125.00 | 1 | B 891.44109 SEJ 1998 | 08/04/2018 | 08/04/2018 | C-3 | Books | ||||
| Dewey Decimal Classification | Non-fiction | Central Library, University of Rajshahi | Central Library, University of Rajshahi | 09/03/2008 | Paragon Enterprise Ltd.Dhaka. | 125.00 | B 891.44109 SEJ 1998 | 30/10/2016 | C-4 | Books | ||||||
| Dewey Decimal Classification | Not For Loan | Non-fiction | Central Library, University of Rajshahi | Central Library, University of Rajshahi | Reading Room | 09/03/2008 | Dhaka, Paragon Enterprises Ltd. | 125.00 | B 891.44109 SEJ 1998 | 14/02/2017 | C-5 | Books |